Malik Montana x Diho - Naaajak - Statystyki

Ogólne statystyki
  • Ten quiz został rozwiązany 37 razy
  • Średni wynik to 5 z 9
Statystyki odpowiedzi
Numer Tytuł Gość % Poprawnych
2 Naaajak
100%
9 Rose Moët
63%
6 Róże z betonu
60%
3 Nasza stolica
49%
1 Plan A
49%
4 Jojo
46%
5 Miliony kraść
43%
7 Chcemy więcej Martyna Nocek
34%
8 Moment
31%
Nie znaleziono quizów pasujących do podanych kryteriów
Rozkład punktacji
Procent ludzi z każdym wynikiem
Percentyl według liczby udzielonych odpowiedzi
Twoja historia wyników
Nie rozwiązałeś tego quizu